Statistics for Top 100 Biggest Cities in West Virginia

Click here to take the quiz!

General Stats

  • This quiz has been taken 49 times
  • The average score is 20 of 100

Answer Stats

Population City % Correct
51,400Charleston
100%
29,660Morgantown
83%
31,492Parkersburg
80%
49,138Huntington
80%
28,486Wheeling
77%
17,614Beckley
66%
16,578Clarksburg
60%
18,704Fairmont
60%
13,450South Charleston
60%
10,447Bluefield
57%
17,227Martinsburg
51%
19,746Weirton
51%
7,094Elkins
51%
6,432Princeton
46%
7,178Nitro
34%
5,639Buckhannon
34%
5,259Charles Town
34%
8,149Bridgeport
34%
5,164Grafton
31%
9,318Moundsville
31%
11,044St. Albans
31%
1,779Logan
29%
3,572Summersville
29%
4,350Point Pleasant
29%
4,110Weston
26%
2,892Fayetteville
26%
3,252Ripley
26%
3,830Lewisburg
26%
3,964Barboursville
23%
3,076Madison
23%
1,848Romney
23%
2,444White Sulphur Springs
23%
7,730Oak Hill
23%
2,406Welch
23%
7,907Dunbar
20%
2,544Moorefield
20%
2,966Philippi
20%
10,749Vienna
20%
2,322Spencer
17%
2,805Wellsburg
17%
2,676Hinton
17%
3,983Westover
17%
1,586Salem
17%
2,467Petersburg
14%
2,939Kingwood
14%
3,191Williamson
14%
2,585Chester
14%
6,284Hurricane
14%
2,423Milton
11%
2,908Williamstown
11%
3,876Ravenswood
11%
2,998Shady Spring
11%
4,028Sissonville
11%
13,175Teays Valley
11%
9,995Cross Lanes
11%
5,439Keyser
11%
5,366New Martinsville
11%
1,631Rand
11%
3,216Kenova
11%
7,988Cheat Lake
9%
1,860St. Marys
9%
1,734Shepherdstown
9%
2,301Winfield
9%
5,171Brookhaven
9%
3,149Pleasant Valley
9%
2,184Bluewell
6%
2,213Craigsville
6%
2,954Inwood
6%
1,638Montgomery
6%
1,825Star City
6%
2,633Paden City
6%
2,051Richwood
6%
1,815Coal City
3%
1,749Alum Creek
3%
1,765Ronceverte
3%
1,926McMechen
3%
1,876Harrisville
3%
1,560New Haven
3%
1,950Mineralwells
3%
3,262Pinch
3%
2,063Mannington
3%
2,201Shinnston
3%
4,440Ranson
3%
6,650Pea Ridge
0%
1,593Nutter Fort
0%
3,701Upper Falls
0%
1,654Mallory
0%
3,358Shannondale
0%
1,747Fairlea
0%
1,779Mount Gay-Shamrock
0%
3,089Blennerhassett
0%
2,040Bradley
0%
2,986Follansbee
0%
1,806Stonewood
0%
2,678Crab Orchard
0%
2,590Hooverson Heights
0%
2,499Bethlehem
0%
1,881Daniels
0%
1,921Belington
0%
3,061Culloden
0%

Score Distribution

Percentile by Number Answered

Percent of People with Each Score

Your Score History

You have not taken this quiz